00333nam a2200145Ia 4500008004100000041000800041082001600049100001100065245003000076260003000106300000800136500002000144650001200164700001100176230125s9999 xx 000 0 und d aeng a491.47bNAI aNair U aGujarathi akshar parichay c1991bCentral Publication a40p aGujarathi Books aGeneral aNair U